[Event "Vesterhavsturneringen 2004"]
[Site "Esbjerg"]
[Date "2004.07.08"]
[Round "7"]
[White "Haagen Larsen, Hans"]
[Black "Grove, Peter"]
[Result "1-0"]
[WhiteElo "1714"]
[BlackElo "1670"]
[PlyCount "41"]
[EventDate "2004.??.??"]
[EventType "swiss"]
[EventRounds "9"]
[EventCountry "DEN"]

1. e4 c5 2. Nf3 Nc6 3. d4 cxd4 4. Nxd4 e5 5. Nb5 a6 6. Nd6+ Bxd6 7. Qxd6 Qf6 8.
Qd1 Nge7 9. Nc3 O-O 10. Bc4 Qg6 11. O-O Nd4 12. f4 Qb6 13. Kh1 d6 14. f5 Qc6
15. Bg5 Re8 16. Bxf7+ Kxf7 17. Qh5+ Kg8 18. f6 gxf6 19. Rxf6 Be6 20. Raf1 Ng6
21. Rxg6+ 1-0

[Event "Vesterhavsturneringen 2004"]
[Site "Esbjerg"]
[Date "2004.07.08"]
[Round "7"]
[White "Larsen, Peter"]
[Black "Hartvig, Ove Weiss"]
[Result "1-0"]
[WhiteElo "2150"]
[BlackElo "2212"]
[PlyCount "59"]
[EventDate "2004.??.??"]
[EventType "swiss"]
[EventRounds "9"]
[EventCountry "DEN"]

1. d4 Nf6 2. c4 c5 3. e3 cxd4 4. exd4 d5 5. Nc3 g6 6. cxd5 Bg7 7. Bc4 O-O 8.
Nge2 Nbd7 9. Bb3 Nb6 10. Nf4 Bf5 11. O-O Qd6 12. Qe2 g5 13. Qe5 Qxe5 14. dxe5
Ng4 15. Nfe2 Bxe5 16. Ng3 Bg6 17. Bxg5 Bd6 18. h3 f6 19. Bd2 Ne5 20. Nce4 Rfd8
21. Bc3 Rac8 22. Nxd6 exd6 23. Rfe1 Nbd7 24. f4 Nd3 25. Re6 Nxf4 26. Rxd6 f5
27. Rf1 Nd3 28. Nxf5 Bxf5 29. Rxf5 Nf8 30. Rxd8 1-0

[Event "Vesterhavsturneringen 2004"]
[Site "Esbjerg"]
[Date "2004.07.08"]
[Round "7"]
[White "Larsen, Peter Elkjaer"]
[Black "Carlstedt, Jonathan"]
[Result "0-1"]
[WhiteElo "1901"]
[BlackElo "2009"]
[PlyCount "70"]
[EventDate "2004.??.??"]
[EventType "swiss"]
[EventRounds "9"]
[EventCountry "DEN"]

1. c4 c5 2. Nf3 Nf6 3. g3 g6 4. Bg2 Bg7 5. O-O O-O 6. d3 Nc6 7. Bd2 Rb8 8. Bc3
a6 9. Nbd2 b5 10. Rb1 b4 11. Bxf6 exf6 12. e3 Qb6 13. Nb3 Ne5 14. Qe2 d6 15. a3
Be6 16. axb4 Qxb4 17. Nbd2 Bf5 18. e4 Bg4 19. h3 Nxf3+ 20. Nxf3 Be6 21. Ra1 Rb6
22. Ra2 f5 23. Ng5 fxe4 24. Bxe4 Qb3 25. Ra5 Qxb2 26. Qf3 Qd2 27. h4 Qxa5 28.
h5 Qd2 29. Nxe6 fxe6 30. Qg4 Rf6 31. Qh4 Qh6 32. g4 Qf4 33. f3 gxh5 34. Qxh5
Rh6 35. Qe8+ Bf8 0-1

[Event "Vesterhavsturneringen 2004"]
[Site "Esbjerg"]
[Date "2004.07.08"]
[Round "7"]
[White "Lindgaard, Tobias Simon"]
[Black "Noe, Martin"]
[Result "0-1"]
[WhiteElo "1000"]
[BlackElo "1506"]
[PlyCount "50"]
[EventDate "2004.??.??"]
[EventType "swiss"]
[EventRounds "9"]
[EventCountry "DEN"]

1. Nf3 Nc6 2. d4 e6 3. c4 Nf6 4. Nc3 Bb4 5. Bd2 O-O 6. e3 Bxc3 7. Bxc3 Ne4 8.
Qc2 f5 9. Bd3 Nxc3 10. Qxc3 b6 11. Qc2 Bb7 12. g4 Nb4 13. Qe2 Nxd3+ 14. Qxd3
Bxf3 15. Rg1 Bxg4 16. d5 Qh4 17. Kd2 Qxf2+ 18. Kc3 Rae8 19. dxe6 Rxe6 20. Raf1
Qxe3 21. Qxe3 Rxe3+ 22. Kd4 Rfe8 23. b4 R8e4+ 24. Kd5 Re5+ 25. Kd4 c5+ 0-1

[Event "Vesterhavsturneringen 2004"]
[Site "Esbjerg"]
[Date "2004.07.08"]
[Round "7"]
[White "Madsen, Simon Rise"]
[Black "Roerholt, Carsten"]
[Result "1/2-1/2"]
[WhiteElo "1250"]
[BlackElo "1618"]
[PlyCount "76"]
[EventDate "2004.??.??"]
[EventType "swiss"]
[EventRounds "9"]
[EventCountry "DEN"]

1. f4 d5 2. b3 c5 3. e3 Nf6 4. Bb2 a6 5. d4 Bf5 6. Nc3 e6 7. Nf3 b5 8. Nxb5
axb5 9. Bxb5+ Nbd7 10. O-O Qb6 11. a4 cxd4 12. Bxd4 Bc5 13. b4 Bxd4 14. Nxd4
Be4 15. a5 Qc7 16. a6 O-O 17. Bc6 Ra7 18. Nb5 Qxc6 19. Nxa7 Qb6 20. Qd4 Qxd4
21. exd4 Bxc2 22. Nb5 Bd3 23. a7 Nb6 24. Nc7 Bxf1 25. Kxf1 Na8 26. Rc1 Rc8 27.
b5 Nd7 28. Ke2 Ndb6 29. Nxa8 Rxa8 30. Rc6 g6 31. Rxb6 Rxa7 32. Ra6 Rb7 33. b6
Kf8 34. Kd3 Ke8 35. Kc3 Kd7 36. Kb4 Kc6 37. Ka5 f6 38. g4 e5 1/2-1/2

[Event "Vesterhavsturneringen 2004"]
[Site "Esbjerg"]
[Date "2004.07.08"]
[Round "7"]
[White "Munch, Anders J"]
[Black "Leutenberger, Kevin"]
[Result "1-0"]
[WhiteElo "1840"]
[BlackElo "1669"]
[PlyCount "39"]
[EventDate "2004.??.??"]
[EventType "swiss"]
[EventRounds "9"]
[EventCountry "DEN"]

1. d4 Nf6 2. Bg5 g6 3. Nc3 d5 4. e3 Bg7 5. Bd3 Nbd7 6. Nf3 O-O 7. h3 c6 8. Qd2
Qa5 9. O-O c5 10. Nxd5 Qxd2 11. Nxe7+ Kh8 12. Nxd2 Re8 13. Nxc8 Raxc8 14. c3
Nb6 15. Rac1 h6 16. Bf4 Red8 17. Ne4 Nfd5 18. Nxc5 Nxf4 19. exf4 Nd5 20. g3 1-0

[Event "Vesterhavsturneringen 2004"]
[Site "Esbjerg"]
[Date "2004.07.08"]
[Round "7"]
[White "Nielsen, Marianne Izaura"]
[Black "Petersen, Martin Reib"]
[Result "1/2-1/2"]
[WhiteElo "1617"]
[BlackElo "1783"]
[PlyCount "31"]
[EventDate "2004.??.??"]
[EventType "swiss"]
[EventRounds "9"]
[EventCountry "DEN"]

1. e4 c6 2. Nf3 d5 3. exd5 cxd5 4. d4 Nf6 5. Be2 Qc7 6. O-O e6 7. Nc3 Bd7 8.
Ne5 a6 9. Bh5 g6 10. Qf3 Nxh5 11. Qxf7+ Kd8 12. Bg5+ Kc8 13. Bf6 Nxf6 14. Qxf6
Rg8 15. Qf7 Rh8 16. Qf6 1/2-1/2

[Event "Vesterhavsturneringen 2004"]
[Site "Esbjerg"]
[Date "2004.07.08"]
[Round "7"]
[White "Nilsson, Jonas Gosta"]
[Black "Nielsen, Erling Moller"]
[Result "0-1"]
[WhiteElo "1698"]
[BlackElo "2034"]
[PlyCount "32"]
[EventDate "2004.??.??"]
[EventType "swiss"]
[EventRounds "9"]
[EventCountry "DEN"]

1. e4 e6 2. d4 d5 3. exd5 exd5 4. Bd3 c5 5. dxc5 Bxc5 6. Nc3 Nf6 7. h3 O-O 8.
Nge2 Nc6 9. Bg5 h6 10. Bh4 Ne5 11. O-O Bxh3 12. Nf4 Bg4 13. Bxf6 Qxf6 14. Nfxd5
Qh4 15. Be2 Bxe2 16. Qxe2 Ng4 0-1

[Event "Vesterhavsturneringen 2004"]
[Site "Esbjerg"]
[Date "2004.07.08"]
[Round "7"]
[White "Pedersen, Christian Kyndel"]
[Black "Grubert, Christian"]
[Result "1-0"]
[WhiteElo "2366"]
[BlackElo "2054"]
[PlyCount "75"]
[EventDate "2004.??.??"]
[EventType "swiss"]
[EventRounds "9"]
[EventCountry "DEN"]

1. Nf3 f5 2. c4 Nf6 3. g3 e6 4. Bg2 Be7 5. O-O O-O 6. d4 d6 7. Nc3 Ne4 8. Qc2
Nxc3 9. Qxc3 Bf6 10. b3 Nd7 11. Bb2 e5 12. dxe5 Nxe5 13. Qd2 Qe7 14. Nd4 Re8
15. Rae1 c5 16. Nb5 Rd8 17. f4 Ng4 18. e4 Bxb2 19. Qxb2 Qf6 20. Qxf6 Nxf6 21.
e5 dxe5 22. fxe5 Ne4 23. Bxe4 fxe4 24. Rxe4 Bh3 25. Rfe1 Bd7 26. Nd6 Bc6 27.
Rf4 Rd7 28. Kf2 Rad8 29. Re2 Re7 30. a3 a5 31. Ke1 Re6 32. Kd2 g6 33. Rf1 Rd7
34. Rfe1 Kg7 35. Kc3 Rde7 36. Re3 Rd7 37. g4 Rde7 38. Nf5+ 1-0

[Event "Vesterhavsturneringen 2004"]
[Site "Esbjerg"]
[Date "2004.07.08"]
[Round "7"]
[White "Poulsen, Iver"]
[Black "Jakobsen, Ole"]
[Result "1/2-1/2"]
[WhiteElo "2084"]
[BlackElo "2379"]
[PlyCount "82"]
[EventDate "2004.??.??"]
[EventType "swiss"]
[EventRounds "9"]
[EventCountry "DEN"]

1. e4 c5 2. Nf3 e6 3. d4 cxd4 4. Nxd4 Nc6 5. Nb5 d6 6. c4 a6 7. N5c3 Nf6 8. Be2
Be7 9. Be3 b6 10. O-O O-O 11. Na3 Bb7 12. Rc1 Ne5 13. f3 Rb8 14. Qb3 Ned7 15.
Rfd1 Re8 16. Kh1 h6 17. Nab1 Bf8 18. Bg1 Qc7 19. a3 Rec8 20. Nd2 Ba8 21. Nf1
Ne5 22. Ne3 Ng6 23. Qa2 Bb7 24. Qb1 h5 25. Bf1 Qe7 26. Rd2 Nd7 27. Rcd1 Nde5
28. Rxd6 Qxd6 29. Rxd6 Bxd6 30. b4 Bc7 31. Qc2 Rd8 32. Nb1 Nc6 33. Qc1 Nge5 34.
Nc3 Nd3 35. Qc2 Nf4 36. g3 Ng6 37. f4 Nd4 38. Qf2 Nb3 39. Qc2 Nd4 40. Qf2 Nb3
41. Qc2 Nd4 1/2-1/2

[Event "Vesterhavsturneringen 2004"]
[Site "Esbjerg"]
[Date "2004.07.08"]
[Round "7"]
[White "Rasmussen, Kasper Ammitzboll"]
[Black "Flindt, Thomas"]
[Result "0-1"]
[WhiteElo "1896"]
[BlackElo "2117"]
[PlyCount "74"]
[EventDate "2004.??.??"]
[EventType "swiss"]
[EventRounds "9"]
[EventCountry "DEN"]

1. d4 Nc6 2. Nf3 d5 3. c4 Bg4 4. cxd5 Bxf3 5. dxc6 Bxc6 6. Nc3 e6 7. e4 Bb4 8.
f3 Qh4+ 9. g3 Qf6 10. Be3 Rd8 11. Be2 Bc5 12. e5 Qe7 13. Qd2 h6 14. O-O-O Bb6
15. Qc2 Qd7 16. Rhf1 Ne7 17. g4 Nd5 18. Nxd5 Bxd5 19. f4 Qc6 20. Qxc6+ Bxc6 21.
f5 Bd5 22. Kb1 Rd7 23. Bf3 Bxf3 24. Rxf3 c5 25. Bf2 cxd4 26. Rfd3 O-O 27. f6
gxf6 28. exf6 Kh7 29. Rh3 Kg6 30. Rh5 Rfd8 31. Rd3 Rd5 32. Rh4 e5 33. Bg3 Bc5
34. Rf3 R8d6 35. Rf5 d3 36. Rfh5 Be3 37. g5 Bxg5 0-1

[Event "Vesterhavsturneringen 2004"]
[Site "Esbjerg"]
[Date "2004.07.08"]
[Round "7"]
[White "Rendboe, John Filip"]
[Black "Skovgaard, Peter Nicolai"]
[Result "1-0"]
[WhiteElo "2235"]
[BlackElo "2045"]
[PlyCount "91"]
[EventDate "2004.??.??"]
[EventType "swiss"]
[EventRounds "9"]
[EventCountry "DEN"]

1. d4 Nf6 2. c4 c5 3. d5 e5 4. Nc3 d6 5. e4 Be7 6. Bd3 Nbd7 7. Nge2 Nf8 8. O-O
Ng6 9. Ng3 Nf4 10. Bc2 g6 11. Ba4+ Bd7 12. Bxd7+ Qxd7 13. Nce2 Nxe2+ 14. Qxe2
h5 15. f3 h4 16. Nh1 Nh5 17. Nf2 f5 18. a3 Nf6 19. f4 exf4 20. Bxf4 O-O-O 21.
e5 Nh5 22. Nh3 Rde8 23. e6 Qd8 24. Be3 Ref8 25. Qd2 Nf6 26. Ng5 Ne4 27. Nxe4
fxe4 28. Rxf8 Rxf8 29. Rf1 Rf5 30. b4 Qf8 31. Rb1 b6 32. bxc5 dxc5 33. Bh6 Qf6
34. d6 Qxe6 35. dxe7 Qxe7 36. Be3 Qe6 37. Rd1 Rf7 38. Qd5 Qxd5 39. Rxd5 Rd7 40.
Rxd7 Kxd7 41. Kf2 a6 42. a4 Kc6 43. Bg5 b5 44. axb5+ axb5 45. cxb5+ Kxb5 46.
Ke3 1-0

[Event "Vesterhavsturneringen 2004"]
[Site "Esbjerg"]
[Date "2004.07.08"]
[Round "7"]
[White "Schandorff, Lars"]
[Black "Sulypa, Alexandre"]
[Result "1/2-1/2"]
[WhiteElo "2505"]
[BlackElo "2469"]
[PlyCount "32"]
[EventDate "2004.??.??"]
[EventType "swiss"]
[EventRounds "9"]
[EventCountry "DEN"]

1. Nf3 Nf6 2. c4 g6 3. d4 Bg7 4. g3 c6 5. Bg2 d5 6. cxd5 cxd5 7. Nc3 Ne4 8.
Nxe4 dxe4 9. Ne5 Nd7 10. Nxd7 Qxd7 11. Bxe4 Qxd4 12. Qxd4 Bxd4 13. O-O O-O 14.
Rd1 Bf6 15. Be3 Be6 16. Bd4 Rad8 1/2-1/2

[Event "Vesterhavsturneringen 2004"]
[Site "Esbjerg"]
[Date "2004.07.08"]
[Round "7"]
[White "Skytte, Rasmus"]
[Black "Andersen, Morten"]
[Result "1-0"]
[WhiteElo "2403"]
[BlackElo "2111"]
[PlyCount "89"]
[EventDate "2004.??.??"]
[EventType "swiss"]
[EventRounds "9"]
[EventCountry "DEN"]

1. e4 d6 2. d4 Nf6 3. Nc3 g6 4. f4 Bg7 5. Nf3 Bg4 6. h3 Bxf3 7. Qxf3 Nfd7 8. e5
c6 9. Be3 Qa5 10. Be2 Na6 11. O-O Nb4 12. Rac1 O-O 13. a3 Nd5 14. Nxd5 cxd5 15.
h4 Nb6 16. h5 e6 17. Qh3 Nc4 18. h6 Bh8 19. b3 Nxe3 20. Qxe3 Qxa3 21. Bd3 Qb4
22. g4 Qb6 23. Rce1 dxe5 24. dxe5 Qxe3+ 25. Rxe3 f6 26. exf6 Rxf6 27. g5 Rf7
28. Rxe6 Raf8 29. Rd6 Bd4+ 30. Kg2 Rxf4 31. Rxf4 Rxf4 32. Rxd5 Bb6 33. Bc4 Kf8
34. Rd7 Rg4+ 35. Kf3 Rxg5 36. Rxh7 Rf5+ 37. Kg4 Rh5 38. Rf7+ Ke8 39. h7 Bd4 40.
Rxb7 Rh1 41. Bf7+ Kf8 42. Bxg6 Rg1+ 43. Kf5 Rh1 44. Ke6 Rh6 45. Rb8+ 1-0

[Event "Vesterhavsturneringen 2004"]
[Site "Esbjerg"]
[Date "2004.07.08"]
[Round "7"]
[White "Sorensen, Carsten Klint"]
[Black "Jorgensen, Miki Worm"]
[Result "1-0"]
[WhiteElo "1707"]
[BlackElo "1333"]
[PlyCount "55"]
[EventDate "2004.??.??"]
[EventType "swiss"]
[EventRounds "9"]
[EventCountry "DEN"]

1. e4 e5 2. Bc4 d6 3. Nc3 Nf6 4. d3 Be7 5. Nge2 O-O 6. O-O Nc6 7. a3 Bd7 8. f4
Bg4 9. Qe1 Qc8 10. f5 Bxe2 11. Nxe2 Re8 12. Rf3 Qd7 13. Rh3 d5 14. Bxd5 Nxd5
15. exd5 Qxd5 16. Nc3 Bc5+ 17. Kh1 Qd7 18. Ne4 Bb6 19. f6 g6 20. Rxh7 Qf5 21.
Rg7+ Kf8 22. Bh6 Red8 23. Rxg6+ Ke8 24. Rg5 Qh7 25. Qh4 Be3 26. Rg7 Qxh6 27.
Rg8+ Kd7 28. Qg4# 1-0

[Event "Vesterhavsturneringen 2004"]
[Site "Esbjerg"]
[Date "2004.07.08"]
[Round "7"]
[White "Sorensen, Jorn Lindved"]
[Black "Porsgaard, Per Lykke"]
[Result "1-0"]
[WhiteElo "1784"]
[BlackElo "1462"]
[PlyCount "47"]
[EventDate "2004.??.??"]
[EventType "swiss"]
[EventRounds "9"]
[EventCountry "DEN"]

1. d4 Nf6 2. c4 e6 3. Bg5 Bb4+ 4. Nc3 Bxc3+ 5. bxc3 d5 6. cxd5 exd5 7. e3 O-O
8. Nf3 c6 9. Qb3 Qd6 10. Bd3 Kh8 11. c4 Ne4 12. Bf4 Qe7 13. Rb1 Nd7 14. cxd5
cxd5 15. O-O Ndf6 16. Rfc1 b6 17. Bb5 Bb7 18. Rc7 Qxc7 19. Bxc7 Rac8 20. Be5
Rc3 21. Qb4 Rfc8 22. h3 Nh5 23. Qe7 Rc1+ 24. Rxc1 1-0

[Event "Vesterhavsturneringen 2004"]
[Site "Esbjerg"]
[Date "2004.07.08"]
[Round "7"]
[White "Stephensen, Mikkel"]
[Black "Kwapinski, Leszek"]
[Result "0-1"]
[WhiteElo "1648"]
[BlackElo "1785"]
[PlyCount "46"]
[EventDate "2004.??.??"]
[EventType "swiss"]
[EventRounds "9"]
[EventCountry "DEN"]

1. d4 Nf6 2. c4 g6 3. Nc3 d5 4. e3 Bg7 5. Nf3 O-O 6. b3 c5 7. dxc5 dxc4 8. Qxd8
Rxd8 9. Nb5 Nd5 10. Nfd4 a6 11. bxc4 axb5 12. cxd5 Rxd5 13. Bxb5 Rxc5 14. Be2
Nc6 15. Bb2 Nxd4 16. exd4 Rc2 17. Bc1 Bxd4 18. Rb1 Bf5 19. Bd1 Bxf2+ 20. Kf1
Bd3+ 21. Be2 Rxe2 22. Rb3 Raxa2 23. Bb2 Rexb2+ 0-1

[Event "Vesterhavsturneringen 2004"]
[Site "Esbjerg"]
[Date "2004.07.08"]
[Round "7"]
[White "Storgaard, Morten Swayne"]
[Black "Hansen, John B"]
[Result "1/2-1/2"]
[WhiteElo "1505"]
[BlackElo "1741"]
[PlyCount "40"]
[EventDate "2004.??.??"]
[EventType "swiss"]
[EventRounds "9"]
[EventCountry "DEN"]

1. d4 d5 2. c4 Nf6 3. Nc3 b6 4. Bf4 Bb7 5. Nf3 e6 6. e3 Nbd7 7. Rc1 c5 8. Bd3
dxc4 9. Bxc4 Rc8 10. Bd3 cxd4 11. exd4 Bb4 12. O-O Bxc3 13. Rxc3 Rxc3 14. bxc3
Nd5 15. Bd2 Qc7 16. Qc2 N5f6 17. Ng5 h6 18. Ne4 Nxe4 19. Bxe4 Bxe4 20. Qxe4 O-O
1/2-1/2

[Event "Vesterhavsturneringen 2004"]
[Site "Esbjerg"]
[Date "2004.07.08"]
[Round "7"]
[White "Stovring, Claus"]
[Black "Svensson, Sven"]
[Result "0-1"]
[WhiteElo "1975"]
[BlackElo "2117"]
[PlyCount "138"]
[EventDate "2004.??.??"]
[EventType "swiss"]
[EventRounds "9"]
[EventCountry "DEN"]

1. e4 e5 2. Nf3 Nc6 3. Bc4 Bc5 4. c3 Nf6 5. d4 exd4 6. cxd4 Bb4+ 7. Nc3 Nxe4 8.
O-O Bxc3 9. d5 Ne5 10. Qe2 O-O 11. Qxe4 Nxc4 12. bxc3 Nd6 13. Qg4 Qf6 14. Ba3
b6 15. Rfe1 c5 16. dxc6 dxc6 17. Qd4 c5 18. Qxf6 gxf6 19. Bc1 Bg4 20. Bf4 Rfd8
21. Nd2 Bf5 22. Re3 Kg7 23. Rae1 Rd7 24. h4 h5 25. Re7 Rad8 26. Bxd6 Rxd6 27.
Nc4 Rd1 28. Rxd1 Rxd1+ 29. Kh2 Be6 30. Ne3 Rd2 31. Rxa7 Rxf2 32. Kg3 Rxa2 33.
Rxa2 Bxa2 34. c4 Bb3 35. Kf4 Ba4 36. g4 hxg4 37. Nxg4 b5 38. cxb5 Bxb5 39. Ne3
Bd3 40. Nd5 c4 41. Nc3 Kg6 42. Ne4 f5 43. Nc3 Be4 44. Nd1 Bd3 45. Nc3 Kh5 46.
Kg3 f4+ 47. Kxf4 Kxh4 48. Nd1 Kh5 49. Nc3 Kg6 50. Nd5 Bf1 51. Nc3 Kf6 52. Nd1
Bd3 53. Nc3 Ke6 54. Ke3 Ke5 55. Nd1 Be4 56. Nc3 Bc6 57. Ne2 Bd7 58. Nc3 Bg4 59.
Ne4 f5 60. Nf2 f4+ 61. Kd2 Be6 62. Kc3 f3 63. Kd2 Kd4 64. Nd1 Bg4 65. Nf2 c3+
66. Kc1 Bf5 67. Nd1 Kd3 68. Nf2+ Ke2 69. Ne4 f2 0-1

[Event "Vesterhavsturneringen 2004"]
[Site "Esbjerg"]
[Date "2004.07.08"]
[Round "7"]
[White "Svendsen, Mads O"]
[Black "Hagesaether, Torill"]
[Result "0-1"]
[WhiteElo "1744"]
[BlackElo "1980"]
[PlyCount "84"]
[EventDate "2004.??.??"]
[EventType "swiss"]
[EventRounds "9"]
[EventCountry "DEN"]

1. e4 e6 2. d4 d5 3. Nd2 c5 4. c3 Nf6 5. e5 Nfd7 6. Ngf3 Nc6 7. Bd3 Qb6 8. Qb3
Qxb3 9. axb3 cxd4 10. cxd4 Bb4 11. O-O O-O 12. Nb1 f6 13. exf6 Nxf6 14. Nc3 a6
15. h3 Bd7 16. Be3 Bd6 17. Rac1 Nh5 18. Na4 Nf4 19. Bxf4 Rxf4 20. Nc5 Bxc5 21.
dxc5 e5 22. Bb1 Raf8 23. Rcd1 d4 24. Ng5 h6 25. Ne4 Na5 26. b4 Nc6 27. b5 axb5
28. Nd6 Be6 29. g3 Rf3 30. Be4 Rb3 31. Nxb7 Nb4 32. Nd6 Bxh3 33. Rfe1 Bd7 34.
Rd2 Rf6 35. Bg2 Nd3 36. Bd5+ Kf8 37. Rb1 Nxc5 38. Bxb3 Nxb3 39. Ne4 Nxd2 40.
Nxd2 Bc6 41. Rc1 Ke7 42. Nb3 Kd6 0-1

[Event "Vesterhavsturneringen 2004"]
[Site "Esbjerg"]
[Date "2004.07.08"]
[Round "7"]
[White "Wilton, Lars"]
[Black "Nielsen, Henrik Lindholt"]
[Result "1/2-1/2"]
[WhiteElo "2125"]
[BlackElo "1839"]
[PlyCount "21"]
[EventDate "2004.??.??"]
[EventType "swiss"]
[EventRounds "9"]
[EventCountry "DEN"]

1. g3 d5 2. f4 c5 3. Bg2 Nc6 4. d3 Nf6 5. Nf3 Bg4 6. Nc3 Bxf3 7. Bxf3 e5 8. O-O
d4 9. Ne4 Nd5 10. c4 Nc7 11. f5 1/2-1/2

[Event "Vesterhavsturneringen 2004"]
[Site "Esbjerg"]
[Date "2004.07.09"]
[Round "8"]
[White "Andersen, Morten"]
[Black "Hoi, Carsten"]
[Result "0-1"]
[WhiteElo "2111"]
[BlackElo "2359"]
[PlyCount "44"]
[EventDate "2004.??.??"]
[EventType "swiss"]
[EventRounds "9"]
[EventCountry "DEN"]

1. e4 g6 2. d4 Bg7 3. Nf3 d6 4. h3 Nf6 5. Bd3 Nc6 6. c3 e5 7. Bg5 h6 8. Be3 O-O
9. g4 exd4 10. cxd4 Nb4 11. Nc3 Re8 12. g5 Nxd3+ 13. Qxd3 Nxe4 14. gxh6 Bxh6
15. Ne5 Bxe3 16. Qxe3 Nxc3 17. bxc3 dxe5 18. O-O-O Bf5 19. Qh6 Qd5 20. Kb2 exd4
21. Rxd4 Re2+ 22. Kc1 Qxh1+ 0-1

[Event "Vesterhavsturneringen 2004"]
[Site "Esbjerg"]
[Date "2004.07.09"]
[Round "8"]
[White "Bach, Matthias"]
[Black "Kjaergaard Jensen, Jesper"]
[Result "0-1"]
[WhiteElo "2354"]
[BlackElo "2124"]
[PlyCount "80"]
[EventDate "2004.??.??"]
[EventType "swiss"]
[EventRounds "9"]
[EventCountry "DEN"]

1. d4 Nf6 2. c4 d6 3. f4 Bf5 4. Nf3 Nbd7 5. Nc3 c6 6. e3 e5 7. fxe5 dxe5 8. Be2
e4 9. Nd2 Bd6 10. Qc2 Ng4 11. Bxg4 Qh4+ 12. Kf1 Qxg4 13. Ndxe4 O-O 14. Qe2 Qg6
15. Nf2 Nf6 16. Kg1 Rae8 17. Bd2 Ng4 18. c5 Bf4 19. Nxg4 Bxg4 20. Qf2 Bc7 21.
e4 Re6 22. Rf1 b6 23. h3 Rf6 24. Qe3 bxc5 25. dxc5 Rxf1+ 26. Kxf1 Bc8 27. Kf2
f5 28. Rd1 Bh2 29. e5 f4 30. Qf3 Qg5 31. Be1 Qxe5 32. Ne2 Qxc5+ 33. Kf1 Ba6 34.
Bf2 Qc2 35. Qb3+ Qxb3 36. axb3 Re8 37. Rd2 f3 38. gxf3 Bf4 39. Rc2 Bd3 40. Rxc6
Rxe2 0-1

[Event "Vesterhavsturneringen 2004"]
[Site "Esbjerg"]
[Date "2004.07.09"]
[Round "8"]
[White "Bernhardsson, Sten"]
[Black "Dyrgaard, Kristoffer"]
[Result "1-0"]
[WhiteElo "2115"]
[BlackElo "1890"]
[PlyCount "83"]
[EventDate "2004.??.??"]
[EventType "swiss"]
[EventRounds "9"]
[EventCountry "DEN"]

1. d4 g6 2. e4 Bg7 3. Nf3 d6 4. Bc4 Nf6 5. Qe2 Nc6 6. O-O Bg4 7. c3 e5 8. d5
Ne7 9. h3 Bxf3 10. Qxf3 O-O 11. Bg5 Nd7 12. Nd2 f5 13. b4 h6 14. Bxe7 Qxe7 15.
Bb3 f4 16. c4 Nf6 17. c5 Kh8 18. cxd6 cxd6 19. Rac1 g5 20. Rc4 Rac8 21. Rfc1
Rxc4 22. Rxc4 h5 23. Qc3 Rf7 24. Rc8+ Kh7 25. f3 g4 26. hxg4 hxg4 27. fxg4 Nxg4
28. Qh3+ Nh6 29. Bd1 Qd7 30. Qxd7 Rxd7 31. Ba4 Rf7 32. Nc4 Bf8 33. Be8 Rg7 34.
Bh5 Be7 35. Rc7 Bf8 36. Rxg7+ Kxg7 37. Na5 b6 38. Nc6 a6 39. Be2 Nf7 40. Bxa6
Ng5 41. Bd3 Kf7 42. Na7 1-0

[Event "Vesterhavsturneringen 2004"]
[Site "Esbjerg"]
[Date "2004.07.09"]
[Round "8"]
[White "Bonnelykke, Ole"]
[Black "Kwapinski, Leszek"]
[Result "1-0"]
[WhiteElo "2065"]
[BlackElo "1785"]
[PlyCount "45"]
[EventDate "2004.??.??"]
[EventType "swiss"]
[EventRounds "9"]
[EventCountry "DEN"]

1. e4 c5 2. Nc3 Nc6 3. g3 g6 4. Bg2 Bg7 5. d3 d6 6. f4 e6 7. Nf3 Nge7 8. O-O
O-O 9. Ne2 Qb6 10. Kh1 d5 11. e5 d4 12. c4 Qc7 13. Ng5 Bd7 14. g4 Rab8 15. Ng3
b5 16. N3e4 h6 17. Nh3 Na5 18. Nf6+ Bxf6 19. exf6 Nc8 20. f5 Kh7 21. Qd2 g5 22.
Nxg5+ Kg8 23. Ne4 1-0

[Event "Vesterhavsturneringen 2004"]
[Site "Esbjerg"]
[Date "2004.07.09"]
[Round "8"]
[White "Carlstedt, Jonathan"]
[Black "Jensen, Leif"]
[Result "1/2-1/2"]
[WhiteElo "2009"]
[BlackElo "2057"]
[PlyCount "37"]
[EventDate "2004.??.??"]
[EventType "swiss"]
[EventRounds "9"]
[EventCountry "DEN"]

1. c4 e5 2. Nc3 g6 3. g3 Bg7 4. Bg2 d6 5. e3 f5 6. Nge2 c6 7. d4 Nf6 8. b3 O-O
9. Ba3 Re8 10. Qd3 e4 11. Qc2 d5 12. cxd5 Nxd5 13. Nxd5 Qxd5 14. Qc4 Be6 15.
Qxd5 Bxd5 16. Nf4 Nd7 17. Nxd5 cxd5 18. Kd2 Rec8 19. Rac1 1/2-1/2

[Event "Vesterhavsturneringen 2004"]
[Site "Esbjerg"]
[Date "2004.07.09"]
[Round "8"]
[White "Flindt, Thomas"]
[Black "Sig, Preben"]
[Result "1-0"]
[WhiteElo "2117"]
[BlackElo "1800"]
[PlyCount "77"]
[EventDate "2004.??.??"]
[EventType "swiss"]
[EventRounds "9"]
[EventCountry "DEN"]

1. e4 Nf6 2. e5 Nd5 3. Nf3 d6 4. c3 Nb6 5. d4 Nc6 6. Bf4 Bg4 7. Be2 e6 8. Nbd2
Be7 9. O-O Nd5 10. Bg3 h5 11. c4 Nb6 12. exd6 Bxd6 13. Bxd6 cxd6 14. d5 Ne7 15.
dxe6 Bxe6 16. Nd4 Qd7 17. a4 h4 18. Ne4 Rh6 19. c5 dxc5 20. Nxc5 Qd5 21. Ncxe6
fxe6 22. Bb5+ Kf8 23. Qf3+ Rf6 24. Qxd5 exd5 25. Rfe1 Nc4 26. Ne6+ Kf7 27. Nc7
Rc8 28. Rxe7+ Kxe7 29. Nxd5+ Ke6 30. Nxf6 Kxf6 31. Rc1 Nd6 32. Rxc8 Nxc8 33.
Kf1 Nd6 34. Ke2 Ke5 35. Ke3 Nxb5 36. axb5 Kd5 37. g4 hxg3 38. fxg3 Kc5 39. h4
1-0

[Event "Vesterhavsturneringen 2004"]
[Site "Esbjerg"]
[Date "2004.07.09"]
[Round "8"]
[White "Grove, Peter"]
[Black "Aagaard, Kasper Bek"]
[Result "1/2-1/2"]
[WhiteElo "1670"]
[BlackElo "1452"]
[PlyCount "39"]
[EventDate "2004.??.??"]
[EventType "swiss"]
[EventRounds "9"]
[EventCountry "DEN"]

1. e4 e5 2. Nc3 Nf6 3. f4 d5 4. fxe5 Nxe4 5. Qe2 Nc6 6. Nxe4 Nd4 7. Qf2 dxe4 8.
d3 Bc5 9. Be3 Nxc2+ 10. Qxc2 Bxe3 11. Qa4+ c6 12. Qxe4 Qd4 13. Qxd4 Bxd4 14.
Nf3 Bxb2 15. Rd1 Be6 16. Rb1 Bc3+ 17. Kf2 Rb8 18. a4 Bd5 19. Rd1 Ba5 20. Nh4
1/2-1/2

[Event "Vesterhavsturneringen 2004"]
[Site "Esbjerg"]
[Date "2004.07.09"]
[Round "8"]
[White "Grubert, Christian"]
[Black "Kragh, Niels Kristian"]
[Result "1/2-1/2"]
[WhiteElo "2054"]
[BlackElo "1981"]
[PlyCount "30"]
[EventDate "2004.??.??"]
[EventType "swiss"]
[EventRounds "9"]
[EventCountry "DEN"]

1. e4 e5 2. Nf3 Nc6 3. Bb5 Bb4 4. O-O Nge7 5. c3 Ba5 6. d4 exd4 7. cxd4 d5 8.
e5 Bg4 9. Be3 O-O 10. Nc3 a6 11. Be2 Bxc3 12. bxc3 Na5 13. h3 Be6 14. Bg5 Qd7
15. Nh2 Nc4 1/2-1/2

[Event "Vesterhavsturneringen 2004"]
[Site "Esbjerg"]
[Date "2004.07.09"]
[Round "8"]
[White "Hagesaether, Torill"]
[Black "Damm, Kasper Wilken"]
[Result "1-0"]
[WhiteElo "1980"]
[BlackElo "2241"]
[PlyCount "57"]
[EventDate "2004.??.??"]
[EventType "swiss"]
[EventRounds "9"]
[EventCountry "DEN"]

1. d4 g6 2. Nf3 Bg7 3. Bf4 d6 4. h3 Nc6 5. e3 e5 6. Bh2 e4 7. Nfd2 Nf6 8. Be2
O-O 9. O-O Re8 10. c4 Nd7 11. Nc3 f5 12. a3 Nf8 13. b4 g5 14. c5 Ng6 15. Rc1
Kh8 16. cxd6 cxd6 17. Nb5 f4 18. d5 f3 19. dxc6 fxe2 20. Qxe2 Nf4 21. exf4 bxc6
22. Rxc6 Bd7 23. Nxd6 Rf8 24. Rc5 gxf4 25. N6xe4 a5 26. Qh5 Be8 27. Qg5 a4 28.
Bxf4 Bg6 29. Be5 1-0